Titanic passengers - Statistics

General Stats
  • This quiz has been taken 569 times
  • The average score is 11 of 29
Answer Stats
Crew / Passengers Answer % Correct
Captain Edward Smith
96%
Titanic Architect Thomas Andrews
78%
White Star Line Director Bruce Ismay
72%
Passenger Margaret Brown
71%
Passenger Colonel John Jacob Astor
70%
Passenger Madeleine Astor
70%
First Officer William Murdoch
69%
Second Officer Charles Lightoller
59%
Passenger Benjamin Guggenheim
51%
Fifth Officer Harold Lowe
46%
Passenger Isidor & Ida Straus
42%
Radio Operator Harold Bride
38%
Sixth Officer James Moody
38%
Chief Officer Henry Wilde
34%
Radio Operator Jack Phillips
34%
Fourth Officer Joseph Boxhall
34%
Passenger Lady Lucy Duff Gordon
27%
Passenger Sir Cosmo Duff Gordon
27%
Passenger Colonel Archibald Gracie
26%
Third Officer Herbert Pitman
26%
Passenger Countess of Rothes
25%
Passenger Major Archibald Butt
19%
Passenger John & Marian Thayer
18%
Passenger George & Eleanor Widener
14%
Passenger Hudson & Bess Allison
13%
Passenger William & Lucile Carter
10%
Passenger Charlotte Cardeza
9%
Passenger Arthur & Emily Ryerson
8%
Passenger Francis Millet
7%
No matching quizzes found
Score Distribution
Percent of People with Each Score
Percentile by Number Answered
Your Score History
You have not taken this quiz